| 000 | 00412nam a2200145Ia 4500 | ||
|---|---|---|---|
| 008 | 240729s9999 xx 000 0 und d | ||
| 022 | _a2537-6381 | ||
| 245 | 4 | _aThe Moldovan Medical Journal | |
| 260 | _aMoldova, Republic of | ||
| 260 | _bScientific Medical Association of Moldova | ||
| 650 | _aMedicine | ||
| 856 | _uhttps://doaj.org/toc/0ba3c22b6a7a4fc0ada87e57aef1fd17 | ||
| 942 | _2ddc | ||
| 942 | _cDOAJEJ | ||
| 999 |
_c65933 _d65933 |
||
| 945 |
_a1 _bMadushi Gamage _c1 _dMadushi Gamage |
||